|
|
|
|
| LEADER |
00000nkm a2200000 a 4500 |
| 001 |
vtls009518091 |
| 003 |
SK-MaSNL |
| 005 |
20260331204837.0 |
| 007 |
kf co |
| 008 |
240311s2008 xo g kuslo |
| 015 |
|
|
|a SNBG2009/03-00998
|
| 040 |
|
|
|a SNK
|b slo
|c SNK
|e AACR2
|
| 041 |
0 |
|
|a slo
|a eng
|
| 043 |
|
|
|a e-xo---
|a e-fr---
|
| 044 |
|
|
|a xo
|c SK
|
| 080 |
|
|
|a 75(437.6)
|2 2001
|
| 080 |
|
|
|a 821.162.4-1
|2 2001
|
| 080 |
|
|
|a 7.04
|2 2001
|
| 080 |
|
|
|a 7.026
|2 2001
|
| 080 |
|
|
|a (44)
|2 2001
|
| 080 |
|
|
|a (059)
|2 2001
|
| 100 |
1 |
|
|a Pavle, Ivan,
|d 1955-
|4 art
|9 103355
|
| 245 |
1 |
0 |
|a Paris 2009
|h grafika
|c text Daniel Hevier
|
| 250 |
|
|
|a [1. vyd.]
|
| 260 |
|
|
|a Banská Bystrica
|b Spektrum Grafik
|c [2008]
|
| 300 |
|
|
|a 1 kalendár ([12] l.)
|b fareb. fotogr.
|c 60 x 47 cm
|
| 500 |
|
|
|a Mesačný kalendár
|
| 546 |
|
|
|a Súbežný text angl.
|
| 600 |
1 |
7 |
|a Pavle, Ivan,
|d 1955-
|2 SNKMA
|9 103355
|
| 648 |
|
7 |
|a 20.-21. stor.
|2 SNKPH
|9 270701
|
| 650 |
0 |
7 |
|a slovenské maliarstvo
|2 SNKPH
|9 3124
|
| 650 |
0 |
7 |
|a slovenská poézia
|2 SNKPH
|9 215422
|
| 650 |
0 |
7 |
|a umelecké námety
|2 SNKPH
|9 2885
|
| 651 |
|
7 |
|a Paríž (Francúzsko)
|2 SNKPH
|9 23519
|
| 655 |
|
7 |
|a nástenné viaclistové kalendáre
|2 SNKPH
|9 302208
|
| 655 |
|
7 |
|a reprodukcie umeleckých diel
|2 SNKPH
|9 70730
|
| 700 |
1 |
|
|a Hevier, Daniel,
|d 1955-
|4 cmm
|4 pht
|9 103400
|
| 958 |
|
|
|a GBN
|
| 999 |
|
|
|c 830397
|d 832327
|
| 952 |
|
|
|a SNK
|b SNK
|y PREZ
|7 0
|p 17A0622411
|o snkOSA 913
|i snk2009/9506
|8 0
|0 0
|1 0
|4 0
|d 2009-05-28
|l 0
|r 2026-02-24 03:36:02
|w 2026-02-24
|
| 952 |
|
|
|a SNK
|b SNK
|y PREZ
|7 0
|p 17A0622415
|o snkOSA 913 D1
|i snk2009/9507
|8 0
|0 0
|1 0
|4 0
|d 2009-05-28
|l 0
|r 2026-02-24 03:36:02
|w 2026-02-24
|